| 000 | 00640nam a2200205Ia 4500 | ||
|---|---|---|---|
| 003 | GCL | ||
| 008 | 140319s9999 xx 000 0 ara d | ||
| 040 |
_aGCL / _cGCL |
||
| 082 | 0 | 4 |
_aد _b050 |
| 100 | 1 | _aزلاتكا شبورير | |
| 245 | 1 | 0 |
_aالرياضيات فى حياتنا ( عالم المعرفة 114 ) / _cزلاتكا شبورير |
| 700 | 1 | _aفاطمة عبدالقادر | |
| 300 | _a215 ص | ||
| 490 |
_aعالم المعرفة _v0 |
||
| 650 | 0 | 4 | _aالرياضيات |
| 650 | 0 | 4 | _aالعلوم |
| 650 | 0 | 4 | _aالرياضة الذهنية |
| 650 | 0 | 4 | _aالرياضيات - تعليم وتدريس |
| 942 |
_2ddc _cBK |
||
| 999 |
_c50236 _d50236 |
||